Central Library OPAC University of Rajshahi

Mani Shankar Aiyar's Pakistan papers / (Record no. 58651)

MARC details
000 -LEADER
fixed length control field 01012nam a2200301 a 4500
001 - CONTROL NUMBER
control field 58651
003 - CONTROL NUMBER IDENTIFIER
rucl marc code BD-RjUL
005 - DATE AND TIME OF LATEST TRANSACTION
control field 20211209080638.0
008 - FIXED-LENGTH DATA ELEMENTS--GENERAL INFORMATION
fixed length control field 161219s1994 ii a 001 0 eng
020 ## - INTERNATIONAL STANDARD BOOK NUMBER
International Standard Book Number 8174760083 :
Terms of availability Rs175.00
035 ## - SYSTEM CONTROL NUMBER
System control number (BD-RjUL)58775
040 ## - CATALOGING SOURCE
Original cataloging agency DLC
Transcribing agency DLC
Modifying agency BD-RjUL
Language of cataloging eng
041 ## - LANGUAGE CODE
Language code of text/sound track or separate title eng
082 ## - DEWEY DECIMAL CLASSIFICATION NUMBER
Edition number 23
Classification number 320.954
Author mark and year AIP 1994
100 1# - MAIN ENTRY--PERSONAL NAME
Personal name Aiyar, Mani Shankar,
Dates associated with a name 1941-
9 (RLIN) 174318
245 10 - TITLE STATEMENT
Title Mani Shankar Aiyar's Pakistan papers /
Statement of responsibility, etc. Mani Shankar, Aiyar,
260 ## - PUBLICATION, DISTRIBUTION, ETC. (IMPRINT)
Place of publication, distribution, etc. New Delhi :
Name of publisher, distributor, etc. UBS Publishers' Distributors,
Date of publication, distribution, etc. c1994.
300 ## - PHYSICAL DESCRIPTION
Pagination xxii, 227 p. :
Illustrations ill. ;
Size 23 cm.
500 ## - GENERAL NOTE
General note Includes index.
651 #0 - SUBJECT ADDED ENTRY--GEOGRAPHIC NAME
Geographic name India
General subdivision Relations
Geographic subdivision Pakistan.
9 (RLIN) 174319
Geographic name Pakistan
General subdivision Relations
Geographic subdivision India.
9 (RLIN) 174320
Geographic name India
General subdivision Politics and government
Chronological subdivision 1977-
9 (RLIN) 172066
Geographic name Pakistan
General subdivision Politics and government
Chronological subdivision 1971-1988.
9 (RLIN) 174321
Geographic name Pakistan
General subdivision Politics and government
Chronological subdivision 1988-
9 (RLIN) 174322
942 ## - ADDED ENTRY ELEMENTS (KOHA)
Source of classification or shelving scheme Dewey Decimal Classification
Koha item type Books
Holdings
Lost status Source of classification or shelving scheme Damaged status Not for loan Collection code Permanent Location Current Location Shelving location Date acquired Source of acquisition Cost, normal purchase price Total Checkouts Full call number Date last seen Copy number Koha item type
  Dewey Decimal Classification   Not For Loan Non-fiction Central Library, University of Rajshahi Central Library, University of Rajshahi Reading Room 19/09/1995 Paragon enterprises ltd. Dhaka 110.00   320.954 AIP 1994 19/12/2016 C-1 Books